| 000 | 00471nam a22001577a 4500 | ||
|---|---|---|---|
| 999 |
_c524689 _d524689 |
||
| 003 | NUST | ||
| 038 | _aMr. Zahoor | ||
| 082 | _a621.3 | ||
| 100 |
_aSyed Awais Ali Shah _915484 |
||
| 245 |
_aSampled Data Gyroscope Stabilization of Two Degree of Freedom Platform / _cSyed Awais Ali Shah |
||
| 260 |
_aIslamabad : _bCEME - NUST, _c2014. |
||
| 300 |
_axi, 60 p. : ill. ; _c30 cm. |
||
| 500 | _aHardcover. | ||
| 600 | _2Electrical Engineering - MS Thesis | ||
| 942 |
_2ddc _cTHE |
||